MARC

LEADER 00000nam0a2200000 4500
001 250834
005 20231101232612.0
010 |a 5020287814 
035 |a (RuTPU)RU\TPU\book\273064 
090 |a 250834 
100 |a 20140217d1989 k y0rusy50 ca 
101 0 |a rus 
102 |a RU 
105 |a a z 001zy 
200 1 |a Реликтовые углеводороды в органическом веществе и нефтях Западной Якутии  |f А. Н. Изосимова, О. Н. Чалая  |g Институт геологии СО АН СССР ; под ред. А. А. Петрова 
210 |a Новосибирск  |c Наука  |d 1989 
215 |a 124 с.  |c ил. 
320 |a Библиогр.: с. 115-124. 
606 1 |a Нефть  |x Петрография  |2 stltpush  |3 (RuTPU)RU\TPU\subj\45869  |9 65059 
610 1 |a реликтовые углеводороды 
610 1 |a Западная Якутия 
610 1 |a генетическая типизация 
675 |a 552.578.2  |v 3 
700 1 |a Изосимова  |b А. Н.  |g Анисья Николаевна 
701 1 |a Чалая  |b О. Н.  |g Ольга Николаевна 
702 1 |a Петров  |b А. А.  |4 340 
712 0 2 |a Академия наук СССР (АН СССР)  |b Сибирское отделение (СО)  |b Якутский филиал (ЯФ)  |b Институт геологии  |c (Якутск)  |2 stltpush  |3 (RuTPU)RU\TPU\col\8181 
801 1 |a RU  |b 63413507  |c 20140217 
801 2 |a RU  |b 63413507  |c 20140227  |g RCR 
942 |c BK